| 000 | 02473cam a2200553 a 4500 | ||
|---|---|---|---|
| 999 | _c56558 | ||
| 001 | 12119962 | ||
| 003 | LIBRIS | ||
| 005 | 20210315084550.0 | ||
| 008 | 110316s2011 sw |||||||||||000 0|swe| | ||
| 020 |
_a9789186623098 _qinb. |
||
| 040 |
_aLGEN _dS _ea |
||
| 041 | _aswe | ||
| 082 | 4 |
_a745.5942 _222/swe |
|
| 084 |
_aIh _2kssb/8 (machine generated) |
||
| 100 | 1 | _aÖrtenblad, Caroline | |
| 245 | 1 | 0 |
_aGör dina vackraste smycken / _cCaroline Örtenblad ; foto: Wolfgang Kleinschmidt. |
| 264 | 1 |
_aStockholm : _bBearded Lady, _c2011 |
|
| 264 | 3 | _aKina | |
| 300 |
_a99 s. _bill. _c19 cm |
||
| 340 | _b19 cm | ||
| 650 | 7 |
_aSmycken _xframställning, tillverkning etc. _2sao |
|
| 655 | 7 |
_aHandböcker, manualer etc. _0https://id.kb.se/term/saogf/Handb%C3%B6cker%2C%20manualer%20etc. _2saogf |
|
| 700 | 1 |
_aKleinschmidt, Wolfgang, _d1965- _4pht _0https://libris.kb.se/wt7bgs3f0f103lb#it |
|
| 887 |
_a{"@id":"dxqrblbq1f4cfdd","modified":"2018-05-29T13:53:43+02:00","checksum":"70990257607"} _2librisxl |
||
| 887 |
_a{"@id":"59hxml3b4vwrph9","modified":"2012-08-14T10:10:01+02:00","checksum":"47341963349"} _2librisxl |
||
| 887 |
_a{"@id":"lqx7vl2r3l0sx1f","modified":"2011-08-16T13:18:52+02:00","checksum":"50349899192"} _2librisxl |
||
| 887 |
_a{"@id":"7ckwd64d3z8q0vc","modified":"2011-09-19T10:25:47+02:00","checksum":"44878079867"} _2librisxl |
||
| 942 |
_2z _cBOOK |
||